000 02260nam a2200229Ia 4500
003 Ost
005 20260507075430.0
008 260507s9999||||xx |||||||||||||| ||und||
020 _a9774100387
040 _cfsecg
041 _aara
082 _a658.5
100 _aغنيم، احمد محمد
_eمؤلف
245 0 _aبحوث و دراسات عملية في ادارة الإنتاج والعمليات /
_c احمد محمد غنيم
260 _aالقاهرة:
_bالمكتبة العصرية للنشر و التوزيع,
_c2007
300 _a359 صفحة؛
_bإيضاحات ؛
_c24 سم
520 _aيضم قياس تدفق المنتج بين مراحل الانتاج في المنظمات الخدمية باستخدام أسلوب ماركوف بالتطبيق على جامعة المنصورة، قياس فعالية المنظمات الحكومية في انتاج خدماتها بالتطبيق في مديريات الخدمات بمحافظة دمياط، عوامل تفضيل صغار المنتجين إلغاء أو استمرار تشغيل منشآتهم وأثرها في ترشيد قرار انشاء المشروعات الصناعية الصغيرة الجديدة بالتطبيق على صناعة الآثاث بمحافظة دمياط، تحديد طبيعة العلاقة بين مستويات الجودة والانتاجية في منظمات الخدمة بالتطبيق على جامعة المنصورة، نموذج مقترح لتقييم العوامل المؤثرة في نجاح قرار تطبيق نظم الانتاج المتكاملة بمنظمات الخدمة بالتطبيق على المستشفيات الحكومية بمحافظة الدقهلية، غعادة تقييم المواقع الحالية لمصانع منظمات قطاع الاعمال العام الصناعي بالتطبيق على محافظة الدقهلية، نظم الرقابة على جودة المنتجات في شركات قطاع الأعمال العام بالتطبيق على الشركات الصناعية المنتجة للخشب الحبيبي باقليم الدلتا
653 _aادارة الانتاج
653 _aالادارة
653 _aالانتاج
942 _cكتاب
999 _c44508
_d44508